| 000 | 00000nam##2200000za#4500 |
| 001 | 9.536861 |
| 003 | CaOODSP |
| 005 | 20210615084507 |
| 007 | ta |
| 008 | 150406|2002||||xxc||||| f|0| 0 fre|d |
| 020 | |a0-660-62127-4 |
| 040 | |aCaOODSP|bfre |
| 041 | |aeng |
| 041 | |afre |
| 043 | |an-cn--- |
| 086 | 1 |aBT31-4/52-2002 |
| 110 | 1 |aCanada. |bConseil du trésor. |
| 245 | 10|aBibliothèque nationale du Canada |
| 260 | |aOttawa - Ontario : |bSecrétariat du Conseil du Trésor du Canada |c2002. |
| 300 | |a82p. : |btableaux ; |c28 cm. |
| 490 | 1 |aRapport sur le rendement pour la période se terminant le 31 mars 2002 |
| 500 | |aLe numéro de catalogue (BT31-4/39-2002) et le numéro ISBN (0-660-62109-6) imprimés dans cette publication sont incorrect. |
| 563 | |aCouverture souple |
| 590 | |a02-46|b2002-11-15 |
| 691 | 07|aBibliothèque nationale|2gcpds |
| 691 | 07|aPrévisions budgétaires|2gcpds |
| 776 | 0#|tNational Library of Canada, performance report for the period ending March 31, 2002 |w(CaOODSP)9.572987 |
| 776 | 0#|tBibliothèque nationale du Canada, rapport sur le rendement pour la période se terminant le 31 mars 2002 |w(CaOODSP)9.603231 |
| 791 | |tNational Library of Canada |eeng|w(CaOODSP)9.536860 |
| 830 | #0|aRapport sur le rendement pour la période se terminant le 31 mars 2002.|w(CaOODSP)9.510739 |